[Event "World Senior 50+ 2014"]
[Site "Katerini GRE"]
[Date "2014.10.26"]
[Round "3.9"]
[White "Yasin, Hur"]
[Black "Bouaziz, Slim"]
[Result "0-1"]
[BlackTitle "GM"]
[WhiteElo "2138"]
[BlackElo "2321"]
[WhiteFideId "6300170"]
[BlackFideId "5500010"]
[EventDate "2014.10.24"]

1. e4 Nf6 2. e5 Nd5 3. d4 d6 4. c4 Nb6 5. exd6 cxd6 6. Nc3 g6 7. Be3 Bg7 8. Rc1
O-O 9. b3 Nc6 10. Nf3 Bg4 11. Be2 d5 12. c5 Nc8 13. h3 Bxf3 14. Bxf3 e6 15. Qd2
N8e7 16. g4 e5 17. Ne2 Nxd4 18. Nxd4 exd4 19. Bxd4 Bxd4 20. Qxd4 Nc6 21. Qd2 Qf6
22. Be2 Rfe8 23. O-O Nd4 24. Bd1 Re4 25. Rc3 Rae8 26. Re3 R8e5 27. Rfe1 Ne6 28.
b4 Nf4 29. Rxe4 dxe4 30. Qc3 h5 31. Qg3 Nd3 32. Re3 hxg4 33. hxg4 Nxb4 34. Bf3
Qe7 35. Bg2 Nc6 36. Qf4 Nd4 37. Re1 g5 38. Qg3 Nc2 39. Re2 Nd4 40. Re1 Nc2 41.
Re2 e3 42. fxe3 Nxe3 43. Bxb7 Qxc5 44. Kh1 Re6 45. Qf2 Qc1+ 46. Re1 Qc7 47. Rxe3
Qc1+ 0-1

[Event "World Senior 50+ 2014"]
[Site "Katerini GRE"]
[Date "2014.10.26"]
[Round "3.10"]
[White "Gamback, Bjorn"]
[Black "Chapman, Terry P D"]
[Result "1/2-1/2"]
[BlackTitle "FM"]
[WhiteElo "2109"]
[BlackElo "2304"]
[WhiteFideId "1703161"]
[BlackFideId "413399"]
[EventDate "2014.10.24"]

1. d4 d6 2. e4 Nf6 3. Nc3 e5 4. Nf3 Nbd7 5. Bc4 Be7 6. O-O O-O 7. a3 c6 8. Re1
b5 9. Ba2 a6 10. Bg5 Qc7 11. Nh4 g6 12. Nf3 exd4 13. Qxd4 c5 14. Nd5 Nxd5 15.
Qxd5 Bb7 16. Qd2 Nf6 17. Qf4 Nh5 18. Qh4 Bxg5 19. Nxg5 h6 20. Nh3 c4 21. g4 Ng7
22. Qxh6 Ne6 23. Rad1 Rfe8 24. c3 Qc5 25. Bb1 Rad8 26. e5 Nf8 27. e6 Rxe6 28.
Rxe6 Nxe6 29. Re1 Nf8 30. Nf4 Qc8 31. h3 Re8 32. Rd1 Re5 33. Bxg6 fxg6 34. Nxg6
Re6 35. Qh8+ Kf7 36. Nf4 Rf6 37. Qh5+ Ke7 38. Qg5 Kf7 39. Qh5+ Ke7 40. Qg5 Kf7 1/2-1/2

[Event "World Senior 50+ 2014"]
[Site "Katerini GRE"]
[Date "2014.10.26"]
[Round "3.11"]
[White "Sideris, Nikiforos"]
[Black "Malinin, Vasily B."]
[Result "0-1"]
[BlackTitle "GM"]
[WhiteElo "2017"]
[BlackElo "2280"]
[WhiteFideId "4204271"]
[BlackFideId "4140249"]
[EventDate "2014.10.24"]

1. e4 Nc6 2. Nf3 e5 3. Bb5 a6 4. Bxc6 dxc6 5. O-O f6 6. d4 exd4 7. Nxd4 c5 8.
Nb3 Qxd1 9. Rxd1 Bd6 10. Na5 b5 11. c4 Ne7 12. Be3 Rb8 13. Nc3 O-O 14. a4 b4 15.
Nd5 Nxd5 16. cxd5 Re8 17. Rac1 Rxe4 18. Bxc5 Bf4 19. Be3 Rxe3 20. fxe3 Bxe3+ 21.
Kf1 Bxc1 22. Rxc1 Bb7 23. Nc6 Bxc6 24. Rxc6 Rd8 25. Rxa6 Rxd5 26. Rc6 Rd2 27.
Rxc7 Rxb2 28. Rb7 b3 29. a5 Ra2 30. Rxb3 Rxa5 31. Kf2 Kf7 32. Kf3 g5 33. g4 h5
34. h3 Ra2 35. gxh5 Ra4 36. Rb7+ Kg8 37. h6 Rh4 38. h7+ Rxh7 39. Rxh7 Kxh7 40.
h4 gxh4 41. Kg4 Kg6 42. Kxh4 Kf5 0-1

[Event "World Senior 50+ 2014"]
[Site "Katerini GRE"]
[Date "2014.10.26"]
[Round "3.12"]
[White "Habibi, Ali"]
[Black "Ismail, Ahmad"]
[Result "0-1"]
[WhiteTitle "IM"]
[WhiteElo "2247"]
[BlackElo "2075"]
[WhiteFideId "4604393"]
[BlackFideId "5700655"]
[EventDate "2014.10.24"]

1. c4 Nc6 2. g3 e5 3. Bg2 Bc5 4. Nc3 Nf6 5. e3 d6 6. Nge2 O-O 7. O-O a6 8. a3 a5
9. h3 Bf5 10. d4 Bb6 11. Kh2 h5 12. d5 Nb8 13. e4 Bh7 14. Rb1 Nbd7 15. b4 axb4
16. axb4 Ra6 17. Qd3 Qa8 18. Bb2 Ne8 19. g4 hxg4 20. hxg4 Qd8 21. Qg3 g5 22. Bf3
f6 23. Kg2 Rf7 24. Rh1 Nf8 25. Rh6 Ng6 26. Rbh1 Rg7 27. Kf1 Qe7 28. Qh2 Nf4 29.
Nxf4 exf4 30. Qh5 Qf7 31. Qxf7+ Rxf7 32. Be2 Bd4 33. f3 Ra8 34. Kg2 c6 35. Rd1
c5 36. b5 b6 37. Rhh1 Rfa7 38. Ra1 Rxa1 39. Rxa1 Rxa1 40. Bxa1 Kf7 41. Bb2 Ke7
42. Bd3 Kd7 43. Kf1 Be5 44. Ke2 Bg6 45. Kd2 Kc7 46. Kc2 Bf7 47. Nd1 Bg8 48. Kb3
Bf7 49. Bc2 Bg8 50. Bc3 Bf7 51. Nb2 Bg8 52. Na4 Bf7 53. Be1 Bg8 54. Nxb6 Kxb6
55. Ka4 Nc7 56. Ba5+ Kb7 57. Ka3 Na8 58. Bd8 Nb6 59. Kb3 Bf7 60. Bd3 Be8 61. Be2
Bd7 62. Bd3 Na8 63. Ba5 Nc7 64. Ka4 Na6 65. Kb3 Nb8 66. Be2 Be8 67. Bd3 Kc8 68.
Kc2 Nd7 69. Be2 Nf8 70. Kb3 Ng6 71. Kc2 Nh4 72. Kd2 Ng2 73. Kc2 Bd4 74. Kb3 Nh4
75. Kc2 Ng6 76. Kd1 Ne5 77. Ke1 Bd7 78. Kf1 Bxg4 79. Kg2 Bd7 80. Bd2 Be3 81. Bc3
Bd4 82. Bd2 f5 0-1

[Event "World Senior 50+ 2014"]
[Site "Katerini GRE"]
[Date "2014.10.26"]
[Round "3.13"]
[White "Alexakis, Dimitrios"]
[Black "Hafez, Bakr"]
[Result "1-0"]
[BlackTitle "IM"]
[WhiteElo "2224"]
[BlackElo "2013"]
[WhiteFideId "4200527"]
[BlackFideId "8103607"]
[EventDate "2014.10.24"]

1. e4 c5 2. Nf3 d6 3. d4 cxd4 4. Nxd4 Nf6 5. Nc3 a6 6. h3 e5 7. Nde2 Be7 8. g4
Be6 9. Bg2 Nc6 10. Be3 Qc7 11. O-O O-O 12. Ng3 g6 13. Nd5 Bxd5 14. exd5 Na5 15.
b3 b5 16. Qd2 Rfc8 17. f4 Nd7 18. fxe5 Nxe5 19. Bd4 f6 20. Rf2 Nb7 21. Raf1 Rf8
22. Ne4 Rac8 23. Nxf6+ Bxf6 24. Rxf6 Rxf6 25. Rxf6 Qxc2 26. Qxc2 Rxc2 27. Bxe5
dxe5 28. Rxa6 Nc5 29. Rc6 Rc1+ 30. Kh2 Nd3 31. d6 Kf7 32. d7 Ke7 33. Rd6 1-0

[Event "World Senior 50+ 2014"]
[Site "Katerini GRE"]
[Date "2014.10.26"]
[Round "3.14"]
[White "Kempen, Leon"]
[Black "Madeira, Wagner Martins"]
[Result "0-1"]
[WhiteTitle "CM"]
[BlackTitle "FM"]
[WhiteElo "1949"]
[BlackElo "2207"]
[WhiteFideId "3203786"]
[BlackFideId "2100797"]
[EventDate "2014.10.24"]

1. d4 Nf6 2. c4 g6 3. Nc3 Bg7 4. e4 d6 5. h3 O-O 6. Be3 e5 7. d5 a5 8. Nf3 Na6
9. Qc2 Nh5 10. Be2 Nf4 11. Rh2 f5 12. exf5 Bxf5 13. Ne4 c6 14. dxc6 bxc6 15. g4
Nb4 16. Qb1 Bxe4 17. Qxe4 d5 18. Qb1 Nxe2 19. Kxe2 dxc4 20. Ng5 Qd5 21. Qe4 h6
22. Rd1 Nd3 23. Qxd5+ cxd5 24. Ne6 Rf7 25. b3 e4 26. bxc4 dxc4 27. Rb1 Be5 28.
Rhh1 Re8 29. Nc5 Nxc5 30. Bxc5 c3 31. Be3 Bf4 32. Rb5 Bxe3 33. Kxe3 Rc8 34. Rc1
Rf3+ 35. Kxe4 Rxf2 36. Rb3 c2 37. Rb2 Rh2 38. Kf4 Kf7 39. g5 h5 40. Kg3 Rd2 41.
h4 Ke6 42. Kf3 Kd5 43. Ke3 Rh2 44. Rb6 Kc4 45. Rxg6 Kc3 46. Rb6 a4 47. a3 Rxh4
48. Rg1 Rg4 0-1

[Event "World Senior 50+ 2014"]
[Site "Katerini GRE"]
[Date "2014.10.26"]
[Round "3.15"]
[White "Wilson, F Leon"]
[Black "Giulian, Philip M"]
[Result "1-0"]
[BlackTitle "FM"]
[WhiteElo "1572"]
[BlackElo "2177"]
[WhiteFideId "2048302"]
[BlackFideId "2400197"]
[EventDate "2014.10.24"]

1. d4 d5 2. c4 e6 3. Nc3 c6 4. Nf3 dxc4 5. e3 b5 6. b3 cxb3 7. axb3 Nf6 8. Bd3
Be7 9. O-O Bb7 10. Bb2 Nbd7 11. Qc2 a6 12. Rfd1 Rc8 13. Ng5 Nd5 14. Nge4 Nb4 15.
Qe2 O-O 16. Bb1 Qe8 17. Qh5 f5 18. Qxe8 Rcxe8 19. Ng3 Nd5 20. Nxd5 cxd5 21. Bd3
Rc8 22. Ba3 Kf7 23. Bxe7 Kxe7 24. b4 Rc3 25. Ne2 Rb3 26. Rab1 Rxb1 27. Rxb1 Rc8
28. h3 h6 29. Rc1 Rxc1+ 30. Nxc1 Kd6 31. Nb3 Nb8 32. Nc5 Bc8 33. Be2 Nc6 34. Nd3
a5 35. bxa5 Nxa5 36. Nb4 Nc6 37. Nxc6 Kxc6 38. Kf1 Kb6 39. Ke1 b4 40. Kd2 Ba6
41. Bh5 Bf1 42. Bf3 Kb5 43. Kc2 Kc4 44. h4 g5 45. hxg5 hxg5 46. Bh5 Bxg2 47.
Be2# 1-0

[Event "World Senior 50+ 2014"]
[Site "Katerini GRE"]
[Date "2014.10.26"]
[Round "3.16"]
[White "Furman, Boris"]
[Black "Limono, Handjojo"]
[Result "1-0"]
[WhiteTitle "FM"]
[WhiteElo "2152"]
[BlackElo "1801"]
[WhiteFideId "4107187"]
[BlackFideId "7102909"]
[EventDate "2014.10.24"]

1. d4 d5 2. c4 c6 3. cxd5 cxd5 4. Nc3 Nf6 5. Bf4 a6 6. e3 Nc6 7. Bd3 g6 8. h3
Bg7 9. Nf3 O-O 10. O-O Re8 11. Rc1 Nh5 12. Bh2 e5 13. dxe5 Nxe5 14. Be2 Nxf3+
15. Bxf3 Nf6 16. Nxd5 Nxd5 17. Bxd5 Qg5 18. Bf4 Qe7 19. Rc7 Bd7 20. Bxb7 Rad8
21. Bc6 Qf6 22. Rxd7 Rxd7 23. Qxd7 Rd8 24. Qc7 Bf8 25. Bf3 Bd6 26. Bxd6 Rxd6 27.
Rd1 Rxd1+ 28. Bxd1 Qxb2 29. Bb3 Qf6 30. Qxf7+ Qxf7 31. Bxf7+ Kxf7 32. f4 Ke6 33.
e4 1-0

[Event "World Senior 50+ 2014"]
[Site "Katerini GRE"]
[Date "2014.10.26"]
[Round "3.17"]
[White "Findlay, David John"]
[Black "Ferreira, Alexander"]
[Result "1-0"]
[WhiteElo "2162"]
[BlackElo "1657"]
[WhiteFideId "2400278"]
[BlackFideId "2102935"]
[EventDate "2014.10.24"]

1. e4 e5 2. Nc3 Nf6 3. g3 Nc6 4. Bg2 Bc5 5. Nge2 a6 6. O-O d6 7. h3 Be6 8. Nd5
Qd7 9. Kh2 O-O-O 10. c3 Ne7 11. Nxf6 gxf6 12. d4 Ba7 13. d5 Bg4 14. hxg4 Qxg4
15. Bh3 1-0

[Event "World Senior 50+ 2014"]
[Site "Katerini GRE"]
[Date "2014.10.26"]
[Round "3.18"]
[White "Lim, Kian Hwa"]
[Black "Osmolny, Vladimir I."]
[Result "0-1"]
[BlackTitle "FM"]
[WhiteElo "1787"]
[BlackElo "2154"]
[WhiteFideId "5700744"]
[BlackFideId "24137049"]
[EventDate "2014.10.24"]

1. e4 d5 2. exd5 Nf6 3. d4 Nxd5 4. Nc3 Nxc3 5. bxc3 g6 6. Nf3 Bg7 7. Bc4 O-O 8.
O-O c5 9. Re1 Qc7 10. Qe2 Nc6 11. Bb2 Na5 12. Nd2 cxd4 13. cxd4 Nxc4 14. Qxc4
Qxc4 15. Nxc4 Be6 16. Ne3 Rfd8 17. Red1 Rac8 18. c3 f5 19. f4 Rc7 20. Kf2 b6 21.
Rd3 Bc8 22. Rdd1 Bb7 23. a4 e6 24. Ra3 Bf8 25. Rb3 g5 26. g3 gxf4 27. gxf4 Bd6
28. Rg1+ Kf7 29. d5 Bxf4 30. c4 exd5 31. Rg7+ Ke6 32. Rxc7 Bxc7 33. cxd5+ Bxd5
34. Rd3 Be4 35. Rxd8 Bxd8 36. Bd4 Bc7 37. a5 bxa5 38. Bxa7 Bxh2 39. Bc5 Bd6 40.
Bxd6 Kxd6 41. Nc4+ Ke6 42. Nxa5 Bd5 43. Ke3 Ke5 44. Kd3 f4 0-1

[Event "World Senior 50+ 2014"]
[Site "Katerini GRE"]
[Date "2014.10.26"]
[Round "3.19"]
[White "Zybura, Andre"]
[Black "Vardakas, Stefanos"]
[Result "0-1"]
[WhiteElo "1975"]
[BlackElo "1954"]
[WhiteFideId "2606208"]
[BlackFideId "4205294"]
[EventDate "2014.10.24"]

1. e4 c5 2. d4 cxd4 3. c3 dxc3 4. Nxc3 Nc6 5. Nf3 d6 6. Bc4 e6 7. O-O Be7 8. Qe2
Nf6 9. Rd1 e5 10. h3 O-O 11. Bg5 Be6 12. Bxf6 Bxf6 13. Nd5 Bxd5 14. Bxd5 Qe7 15.
Rac1 Rac8 16. Qd2 Rfd8 17. Rc4 Qd7 18. Rdc1 Ne7 19. Nh2 Rxc4 20. Rxc4 Nxd5 21.
Qxd5 Be7 22. Ng4 Bg5 23. Rb4 b6 24. Rb3 h5 25. Nh2 Rc8 26. Rd3 Rc1+ 27. Nf1 Qc6
28. Qxc6 Rxc6 29. g3 Kf8 30. h4 Bh6 31. Kg2 Ke7 32. Kf3 Rc2 33. Ra3 Rxb2 34.
Rxa7+ Ke6 35. Ne3 Bxe3 36. Kxe3 g6 37. Rb7 f5 38. f3 Rxa2 39. Rxb6 Rg2 40. exf5+
gxf5 41. Rb8 Rxg3 42. Rh8 e4 43. Rxh5 Rxf3+ 44. Ke2 d5 45. Rh8 d4 46. h5 Rh3 47.
h6 Rh2+ 48. Kf1 Ke5 49. h7 Kf4 50. Rd8 Rxh7 51. Rxd4 Kf3 52. Kg1 f4 53. Ra4 e3
54. Ra3 Rg7+ 55. Kf1 Rb7 56. Kg1 Rb1+ 57. Kh2 Kf2 58. Ra2+ e2 0-1

[Event "World Senior 50+ 2014"]
[Site "Katerini GRE"]
[Date "2014.10.26"]
[Round "3.20"]
[White "Sand, Rolf"]
[Black "Auvinen, Esa"]
[Result "1/2-1/2"]
[WhiteElo "1969"]
[BlackElo "1972"]
[WhiteFideId "4610334"]
[BlackFideId "501069"]
[EventDate "2014.10.24"]

1. c4 Nf6 2. g3 e6 3. Bg2 d5 4. Nf3 Be7 5. O-O O-O 6. d4 b6 7. cxd5 Nxd5 8. e4
Nf6 9. Nc3 Bb7 10. Re1 c5 11. d5 exd5 12. exd5 Re8 13. Ne5 Bd6 14. Nc4 Rxe1+ 15.
Qxe1 Bf8 16. Bg5 Nbd7 17. Rd1 h6 18. Bf4 a6 19. a4 Ne8 20. d6 Bxg2 21. Kxg2 Nef6
22. h4 1/2-1/2

[Event "World Senior 50+ 2014"]
[Site "Katerini GRE"]
[Date "2014.10.26"]
[Round "3.22"]
[White "Bobke, Laurenz"]
[Black "Patola, Eero"]
[Result "0-1"]
[WhiteElo "1715"]
[BlackElo "1857"]
[WhiteFideId "1270575"]
[BlackFideId "504092"]
[EventDate "2014.10.24"]

1. Nf3 f5 2. d4 g6 3. Bf4 Nf6 4. e3 c6 5. c4 Bg7 6. h4 d6 7. Nc3 Na6 8. Be2 Bd7
9. a3 c5 10. Qc2 O-O 11. Rb1 Nc7 12. b4 cxd4 13. exd4 Ne6 14. Bd2 Ng4 15. Qd3
Nc7 16. Bg5 h6 17. Bf4 Qe8 18. O-O e5 19. dxe5 dxe5 20. Qd6 exf4 21. Qxc7 Bxc3
22. Rbd1 Bc6 23. Bd3 Be5 24. Qa5 b6 25. Qa6 Qc8 26. Qxc8 Raxc8 27. c5 bxc5 28.
Bc4+ Kg7 29. Nxe5 Nxe5 30. Ba6 Rcd8 31. Rde1 Kf6 32. bxc5 Nd3 33. Rd1 Ne5 34.
Ra1 Rd2 35. a4 Rb8 36. Bb5 Bxb5 37. axb5 Rxb5 38. Ra6+ Ke7 39. c6 Rc5 40. Re1
Kd6 41. c7+ Kxc7 42. Rxa7+ Kd6 43. Ra6+ Kd5 44. Ra8 Kd4 45. Rd8+ Rd5 46. Rc8 Nd3
47. Ra1 Nb2 48. Rac1 Rd6 49. Rb8 Rd1+ 50. Rxd1+ Nxd1 51. Rb4+ Ke5 52. Rb1 Nc3
53. Re1+ Kf6 54. Kf1 Rd1 55. Rxd1 Nxd1 56. Ke2 Nc3+ 57. Kd3 Nd5 58. Kd4 Nc7 59.
Kc5 Ne6+ 60. Kd5 g5 61. hxg5+ hxg5 62. f3 Nf8 63. Kd4 Ng6 64. Kd3 Nh4 65. Ke2
Nxg2 66. Kf2 Nh4 67. Ke2 g4 68. fxg4 fxg4 69. Kf2 Ke5 70. Kg1 Ke4 71. Kf2 g3+
72. Kg1 f3 73. Kf1 Nf5 74. Kg1 f2+ 75. Kf1 Ne3+ 0-1

[Event "World Senior 50+ 2014"]
[Site "Katerini GRE"]
[Date "2014.10.26"]
[Round "3.23"]
[White "Pashkov, Vladimir M."]
[Black "Karatas, Kursat"]
[Result "1-0"]
[WhiteElo "1818"]
[BlackElo "1741"]
[WhiteFideId "24194778"]
[BlackFideId "6336841"]
[EventDate "2014.10.24"]

1. d4 Nf6 2. Nf3 c5 3. d5 b5 4. Bg5 g6 5. e3 Ne4 6. Bf4 Qa5+ 7. c3 a6 8. Bd3 Nf6
9. e4 d6 10. O-O Bg7 11. Re1 O-O 12. Nbd2 Nbd7 13. Bc2 Bb7 14. Nf1 Nh5 15. Bg5
Rfe8 16. Qd2 Qc7 17. Bh6 Ne5 18. Nxe5 Bxe5 19. f4 Bh8 20. Rad1 Rad8 21. Ne3 Nf6
22. Qf2 e6 23. Qh4 Rc8 24. Bg5 Nd7 25. Ng4 Bg7 26. Re3 exd5 27. exd5 Rxe3 28.
Nxe3 Re8 29. f5 Bc8 30. f6 Nxf6 31. Rf1 c4 32. Rxf6 Bxf6 33. Bxf6 Qc5 34. Bd4
Qc7 35. Qf6 Kf8 36. Qg7+ 1-0

[Event "World Senior 50+ 2014"]
[Site "Katerini GRE"]
[Date "2014.10.27"]
[Round "4.1"]
[White "Nunn, John D M"]
[Black "Hebden, Mark L"]
[Result "1-0"]
[WhiteTitle "GM"]
[BlackTitle "GM"]
[WhiteElo "2602"]
[BlackElo "2540"]
[WhiteFideId "400017"]
[BlackFideId "400084"]
[EventDate "2014.10.24"]

1. e4 e5 2. Nf3 Nc6 3. Nc3 Nf6 4. Bb5 Nd4 5. Nxd4 exd4 6. e5 dxc3 7. exf6 Qxf6
8. dxc3 Bc5 9. Qe2+ Qe6 10. O-O Qxe2 11. Bxe2 a5 12. Bf4 d6 13. a4 Be6 14. Rad1
O-O 15. Rfe1 h6 16. Bf3 Rae8 17. Be3 Bxe3 18. Rxe3 Bd7 19. Rde1 Rxe3 20. Rxe3
Be6 21. Kf1 Rb8 22. Ke1 Kf8 23. Kd2 c5 24. b3 d5 25. Re1 Rd8 26. b4 b6 27. bxc5
bxc5 28. Rb1 Bd7 29. Rb7 Bxa4 30. Ra7 Bd7 31. Rxa5 Rc8 32. Bxd5 Ke7 33. Kd3 Be6
34. Ra7+ Kf6 35. c4 g5 36. c3 h5 37. g3 Kf5 38. h3 h4 39. g4+ Ke5 40. Bxe6 fxe6
41. Ke3 Rc6 42. Rg7 Kf6 43. Rg8 Ra6 44. Rf8+ Ke5 45. Rc8 Ra1 46. Rxc5+ Kf6 47.
Rc8 Rh1 48. Rf8+ Ke5 49. Rf3 Kd6 50. Kd4 e5+ 51. Ke4 Ke6 52. Rf5 Re1+ 53. Kf3
e4+ 54. Kg2 e3 55. Rxg5 Rg1+ 56. Kxg1 e2 57. Re5+ 1-0

[Event "World Senior 50+ 2014"]
[Site "Katerini GRE"]
[Date "2014.10.27"]
[Round "4.2"]
[White "Sturua, Zurab"]
[Black "Arkell, Keith C"]
[Result "1/2-1/2"]
[WhiteTitle "GM"]
[BlackTitle "GM"]
[WhiteElo "2523"]
[BlackElo "2450"]
[WhiteFideId "13600095"]
[BlackFideId "400270"]
[EventDate "2014.10.24"]

1. d4 d5 2. c4 c6 3. Nf3 Nf6 4. Nc3 g6 5. e3 Bg7 6. Be2 O-O 7. O-O Bg4 8. cxd5
cxd5 9. Qb3 Bc8 10. Bd2 Nc6 11. Rfc1 e6 12. a3 Ne4 13. Nxe4 dxe4 14. Ne1 Re8 15.
Nc2 Qb6 16. Qxb6 axb6 17. Bb5 Rd8 18. Bc3 Na5 19. Rd1 Bd7 1/2-1/2

[Event "World Senior 50+ 2014"]
[Site "Katerini GRE"]
[Date "2014.10.27"]
[Round "4.3"]
[White "Kalegin, Evgenij"]
[Black "Sveshnikov, Evgeny"]
[Result "1/2-1/2"]
[WhiteTitle "IM"]
[BlackTitle "GM"]
[WhiteElo "2474"]
[BlackElo "2517"]
[WhiteFideId "4103416"]
[BlackFideId "4100638"]
[EventDate "2014.10.24"]

1. e4 c5 2. Nf3 Nc6 3. Bb5 e6 4. O-O Nge7 5. Nc3 a6 6. Bxc6 Nxc6 7. d4 cxd4 8.
Nxd4 d6 9. Nxc6 bxc6 10. Qg4 Qf6 11. Qg3 Qg6 12. Qd3 1/2-1/2

[Event "World Senior 50+ 2014"]
[Site "Katerini GRE"]
[Date "2014.10.27"]
[Round "4.4"]
[White "Kristiansen, Jens"]
[Black "Movsziszian, Karen"]
[Result "1-0"]
[WhiteTitle "GM"]
[BlackTitle "GM"]
[WhiteElo "2405"]
[BlackElo "2487"]
[WhiteFideId "1400061"]
[BlackFideId "13301152"]
[EventDate "2014.10.24"]

1. d4 d6 2. Nf3 g6 3. c4 Bg7 4. Nc3 Nf6 5. e4 O-O 6. Be2 e5 7. d5 a5 8. h3 Na6
9. Bg5 Qe8 10. Nd2 Nd7 11. a3 Nb6 12. b3 Bd7 13. O-O c5 14. Bg4 f6 15. Bxd7 Nxd7
16. Be3 f5 17. f3 Qe7 18. Qc2 h5 19. exf5 gxf5 20. Rae1 Nc7 21. Re2 h4 22. Rb1
Qf6 23. b4 axb4 24. axb4 Na6 25. bxc5 Naxc5 26. Nb5 Rac8 27. Nb3 b6 28. Nxc5
bxc5 29. Na7 Ra8 30. Rb7 Rf7 31. Re1 e4 32. f4 Kh7 33. Nb5 Qg6 34. Qf2 Qh6 35.
Rb1 Rg8 36. Nc7 Bf6 37. Ne6 Qh5 38. Ra7 Nf8 39. Rbb7 Rxb7 40. Rxb7+ Kh6 41. Ng5
Rg7 42. Rb6 Rd7 43. Bxc5 Qd1+ 44. Kh2 Kh5 45. Bxd6 Ng6 46. Ne6 Bc3 47. Bb4 Bxb4
48. Rxb4 Kh6 49. Rb6 Kh5 50. Rb8 Qd3 51. Nf8 Nxf8 52. Rxf8 e3 53. Qxh4+ 1-0

[Event "World Senior 50+ 2014"]
[Site "Katerini GRE"]
[Date "2014.10.27"]
[Round "4.5"]
[White "Bischoff, Klaus"]
[Black "Alexakis, Dimitrios"]
[Result "1-0"]
[WhiteTitle "GM"]
[WhiteElo "2504"]
[BlackElo "2224"]
[WhiteFideId "4600045"]
[BlackFideId "4200527"]
[EventDate "2014.10.24"]

1. d4 Nf6 2. c4 e6 3. Nf3 Bb4+ 4. Bd2 a5 5. a3 Bxd2+ 6. Qxd2 d6 7. Nc3 Nbd7 8.
e3 O-O 9. Be2 e5 10. Qc2 Re8 11. O-O exd4 12. exd4 Nf8 13. h3 Ng6 14. Rfe1 Bd7
15. Bf1 Rxe1 16. Rxe1 Qc8 17. Qd2 h6 18. d5 b6 19. Nd4 Qb7 20. Bd3 Ne5 21. Be2
Re8 22. Rf1 Qc8 23. f4 Ng6 24. Bd3 Qd8 25. Qf2 Qe7 26. Bf5 Bxf5 27. Nxf5 Qd7 28.
Ng3 Qe7 29. Kh2 h5 30. Nf5 Qd7 31. Qc2 h4 32. Nd4 Nh5 33. Nce2 Qe7 34. Rf3 Qe4
35. Qd2 Kf8 36. b3 Kg8 37. a4 Kf8 38. Kg1 Kg8 39. Kf2 Kf8 40. Nb5 Qe7 41. Re3
Qd7 42. Rxe8+ Kxe8 43. Qe3+ Kf8 44. Nbd4 Qe7 45. Qxe7+ Kxe7 46. Ke3 Nf8 47. Nf5+
Kd8 48. Nxh4 Nd7 49. Nf5 g6 50. Nfd4 Nc5 51. g4 Nf6 52. Ng3 Ke7 53. g5 Nfd7 54.
h4 f6 55. Nge2 fxg5 56. hxg5 Nb8 57. f5 gxf5 58. Kf4 Kf7 59. Kxf5 Nbd7 60. Nf4
Ne5 61. Nfe6 1-0

[Event "World Senior 50+ 2014"]
[Site "Katerini GRE"]
[Date "2014.10.27"]
[Round "4.7"]
[White "Madeira, Wagner Martins"]
[Black "Stepovoj, Vladimir"]
[Result "1-0"]
[WhiteTitle "FM"]
[BlackTitle "IM"]
[WhiteElo "2207"]
[BlackElo "2323"]
[WhiteFideId "2100797"]
[BlackFideId "4120159"]
[EventDate "2014.10.24"]

1. e4 c5 2. Nf3 Nc6 3. d4 cxd4 4. Nxd4 Nf6 5. Nc3 Qc7 6. Ndb5 Qb8 7. Nd5 Nxd5 8.
exd5 a6 9. Nc3 Nd8 10. a4 e5 11. Bd3 Bb4 12. Qg4 Bxc3+ 13. bxc3 Kf8 14. Qb4+ d6
15. Ba3 Ke7 16. f4 exf4 17. O-O f6 18. Rae1+ Kf7 19. Qxf4 b5 20. Bxd6 Qb6+ 21.
Kh1 Ra7 22. axb5 axb5 23. Bb4 Re8 24. Rxe8 Kxe8 25. Qe4+ Kf7 26. Qxh7 1-0

[Event "World Senior 50+ 2014"]
[Site "Katerini GRE"]
[Date "2014.10.27"]
[Round "4.8"]
[White "Bouaziz, Slim"]
[Black "Furman, Boris"]
[Result "1/2-1/2"]
[WhiteTitle "GM"]
[BlackTitle "FM"]
[WhiteElo "2321"]
[BlackElo "2152"]
[WhiteFideId "5500010"]
[BlackFideId "4107187"]
[EventDate "2014.10.24"]

1. e4 c5 2. Nf3 Nc6 3. d4 cxd4 4. Nxd4 Nf6 5. Nc3 d6 6. Bc4 e6 7. Bb3 Be7 8. Be3
O-O 9. O-O d5 10. exd5 exd5 11. h3 h6 12. Nce2 Na5 13. Ng3 Nxb3 14. axb3 Ne4 15.
Ngf5 Bg5 16. Qc1 Bxe3 17. Qxe3 Bxf5 18. Nxf5 Qf6 19. Nd4 Rfe8 20. Rfe1 a6 21.
Rad1 Nd6 22. Qd3 Rxe1+ 23. Rxe1 Re8 24. Rxe8+ Nxe8 25. Qe3 1/2-1/2

[Event "World Senior 50+ 2014"]
[Site "Katerini GRE"]
[Date "2014.10.27"]
[Round "4.9"]
[White "Malinin, Vasily B."]
[Black "Wilson, F Leon"]
[Result "1-0"]
[WhiteTitle "GM"]
[WhiteElo "2280"]
[BlackElo "1572"]
[WhiteFideId "4140249"]
[BlackFideId "2048302"]
[EventDate "2014.10.24"]

1. e4 c5 2. Nf3 a6 3. d4 cxd4 4. Nxd4 Nf6 5. Nc3 e5 6. Nb3 Bb4 7. Bd3 Bxc3+ 8.
bxc3 Qc7 9. O-O Qxc3 10. Ba3 Qc7 11. f4 d6 12. Be2 Nc6 13. Bxd6 Qb6+ 14. Bc5 Qc7
15. Bf3 Ne7 16. fxe5 Qxe5 17. Bd6 Qb5 18. e5 Nfd5 19. c4 Qxc4 20. Rc1 Qb5 21.
Rc5 Ne3 22. Rxb5 Nxd1 23. Rc5 Ne3 24. Rfc1 N3f5 25. Rc7 Nxd6 26. exd6 Nc6 27.
R1xc6 O-O 28. Rb6 Bf5 29. Nc5 a5 30. Nxb7 Rab8 31. Rb5 Bd3 32. Rxa5 g6 33. d7 h5
34. Rd5 Ba6 35. d8=Q Bxb7 36. Qf6 h4 37. Rb5 h3 38. Rbxb7 Kh7 39. Rxf7+ Rxf7 40.
Rxf7+ Kh6 41. Qh4# 1-0

[Event "World Senior 50+ 2014"]
[Site "Katerini GRE"]
[Date "2014.10.27"]
[Round "4.10"]
[White "Ismail, Ahmad"]
[Black "Barle, Janez"]
[Result "0-1"]
[BlackTitle "IM"]
[WhiteElo "2075"]
[BlackElo "2338"]
[WhiteFideId "5700655"]
[BlackFideId "14600021"]
[EventDate "2014.10.24"]

1. d4 d5 2. Nf3 Nc6 3. Bf4 Bg4 4. c3 Bxf3 5. gxf3 e6 6. Nd2 Bd6 7. Bxd6 cxd6 8.
e4 Nge7 9. Bd3 O-O 10. Qe2 Rc8 11. Qe3 e5 12. Rg1 exd4 13. cxd4 Nb4 14. Ke2 Nxd3
15. Qxd3 Ng6 16. Qb5 Qf6 17. Rxg6 hxg6 18. Qxd5 Rc2 19. Ke3 g5 20. Qf5 Qxf5 21.
exf5 Rxb2 22. f6 Re8+ 23. Kd3 gxf6 24. Ne4 Kg7 25. h4 d5 26. Kc3 Rb6 27. Ng3
gxh4 28. Nf5+ Kg6 29. Nxh4+ Kg5 30. Ng2 Re2 31. Ne3 Rxf2 32. Rg1+ Kh5 33. Rg3
Rc6+ 34. Kd3 Rxa2 35. Nxd5 f5 36. Ke3 Ra5 37. Nf4+ Kh4 38. Rg7 Rc3+ 39. Nd3 f4+
40. Ke4 f5+ 41. Kxf4 Kh3 42. Ne1 Kh2 43. Rxb7 Ra1 44. Rb2+ Kh3 45. Nc2 Rd1 46.
Nb4 Rxd4+ 47. Kxf5 a5 48. Na2 Rxf3+ 49. Ke5 Rd1 50. Ke4 Kg3 51. Rc2 Rf2 52. Rc3+
Kg4 53. Nc1 Rf4+ 54. Ke5 a4 55. Ne2 Rb4 56. Rg3+ Kh4 57. Re3 Rd8 58. Kf6 Ra8 59.
Ng3 Ra6+ 60. Ke5 Ra5+ 61. Kd6 a3 0-1